000 01387cam a22003131i 4500
003 SA-RiAUC
005 20250710121651.0
008 250710s1983 su f b 00000 ara c
040 _aSA-RiAUC
_bara
_cSA-RiAUC
_erda
082 0 4 _a255
_qSA-RiAUC
090 _a255
_bل هـ ي
100 1 _aاللهيبي، مطيع الله دخيل الله سليمان،
_d1366 هجري-
_eمؤلف.
245 1 2 _aالعقوبات التفويضية وأهدافها في ضوء الكتاب والسنة /
_cمطيع الله دخيل الله سليمان الصرهيد اللهيبي.
250 _aالطبعة الأولى.
264 1 _aجدة، السعودية :
_bتهامة،
_c1983
300 _a204 صفحة ؛
_c24 سم.
336 _aنص
_btxt
_2rdacontent
_3كتاب
337 _aبدون وسيط
_bn
_2rdamedia
338 _aمجلد
_bnc
_2rdacarrier
490 1 _aرسائل جامعية ؛
_v21
500 _aالأصل أطروحة دكتوراه-جامعة الأزهر.
504 _aببليوجرافية : صفحة 187-202.
650 7 _aالعقوبات (فقه إسلامي)
_2aucsh
650 7 _aالحدود (شريعة إسلامية)
_2aucsh
650 7 _aالجنايات (فقه إسلامي)
_2aucsh
830 0 _aرسائل جامعية (تهامة للنشر والتوزيع)
_v21
942 _2ddc
_cBOOK
_n0
949 _aSA-JeALM
_d250710
_uosman123
_n1
999 _c9727
_d9727